000 00355nam a2200133Ia 4500
008 191111s9999 xx 000 0 und d
020 _a9781284124842
100 _aCarter, Kenneth.
245 _aLearn psychology /
250 _aRevised 1st ed
260 _aUSA :
_bJones & Bartlett Learning
_c2018
300 _axxvii, 678 pages.
650 _aPsychology
999 _c362567
_d362567